| 000 | 00931nmc a2200349 a 4500 | ||
|---|---|---|---|
| 003 | AR-BaBNM | ||
| 005 | 20251128211607.0 | ||
| 008 | 154120s2000 ||||||||||||||000 | spa|| | ||
| 020 | _a84-7432-718-0 | ||
| 040 | _cAR-BaBNM | ||
| 245 | 1 | 0 | _aCultura escrita y poder en el mundo antiguo |
| 250 | _a1ª ed. | ||
| 260 |
_aBarcelona _bGedisa _c2000 |
||
| 300 | _a383 p. | ||
| 490 | 0 | _aColección Lenguaje, escritura, alfabetización | |
| 504 | _aContiene referencias bibliográficas | ||
| 650 | 4 | _aHISTORIOGRAFIA | |
| 650 | 4 | _aHISTORIA ANTIGUA | |
| 650 | 4 | _aFILOLOGIA | |
| 650 | 4 | _aHISTORIA CULTURAL | |
| 650 | 4 | _aHISTORIA DE LA ESCRITURA | |
| 650 | 4 | _aHISTORIA POLITICA | |
| 650 | 4 | _aCRISTIANISMO | |
| 651 | 4 | _aGrecia | |
| 651 | 4 | _aRoma | |
| 651 | 4 | _aEgipto | |
| 700 | 1 |
_aBowman, Alan K. _ecompilador |
|
| 700 | 1 |
_aWoolf, Greg _ecompilador |
|
| 800 | 1 | _aFerreiro, Emilia | |
| 942 | _cBK | ||
| 998 | _cmartin | ||
| 999 |
_c20344 _d20344 |
||